[Event "IND-ch 57th"]
[Site "Majitar"]
[Date "2019.12.10"]
[Round "1"]
[White "Anurag, Mhamal"]
[Black "Bidhar, Rutumbara"]
[Result "1-0"]
[WhiteElo "2490"]
[BlackElo "1939"]
[PlyCount "105"]
[EventDate "2019.12.10"]
[EventType "swiss"]
[EventRounds "11"]
[EventCountry "IND"]
[SourceTitle "CBM 193 Extra"]
[Source "ChessBase"]
[SourceDate "2020.01.31"]
[SourceVersion "1"]
[SourceVersionDate "2020.01.31"]
[SourceQuality "1"]

1. Nf3 Nf6 2. g3 b6 3. Bg2 Bb7 4. d3 d6 5. e4 g6 6. 0-0 Bg7 7. Nh4 0-0 8. e5 Bxg2 9. exf6 Bxf1 10. fxg7 Kxg7 11. Qxf1 e5 12. Nc3 Nd7 13. Qh3 Kg8 14. Bh6 Re8 15. Re1 Nc5 16. Nf3 f6 17. Qh4 d5 18. d4 e4 19. dxc5 exf3 20. Rxe8+ Qxe8 21. Bd2 Qe5 22. Qg4 bxc5 23. Qxf3 c6 24. Na4 Qd4 25. Qe3 Qxe3 26. fxe3 c4 27. Bc3 Kf7 28. Nc5 Ke7 29. Bd4 Kd6 30. Na6 f5 31. Kf2 g5 32. Kf3 Rc8 33. Bc5+ Ke5 34. a4 g4+ 35. Ke2 h5 36. Bxa7 Kd6 37. Bc5+ Kd7 38. Bb6 c5 39. Nxc5+ Kc6 40. a5 h4 41. Ne6 hxg3 42. hxg3 Rh8 43. Nd4+ Kb7 44. Nxf5 Rh2+ 45. Kd1 Rf2 46. Nh6 Rf3 47. Nxg4 Rxg3 48. Nf6 Rg5 49. Kd2 Rf5 50. Nd7 Kc6 51. Nc5 Rf2+ 52. Kc3 Re2 53. Na6 1-0

[Event "Goa op 2nd"]
[Site "Taleigao"]
[Date "2019.06.24"]
[Round "9"]
[White "Mohammad, Nubairshah Shaikh"]
[Black "Anurag, Mhamal"]
[Result "1-0"]
[WhiteElo "2436"]
[BlackElo "2497"]
[PlyCount "89"]
[EventDate "2019.06.18"]
[EventType "swiss"]
[EventRounds "10"]
[EventCountry "IND"]
[SourceTitle "CBM 191 Extra"]
[Source "ChessBase"]
[SourceDate "2019.09.30"]
[SourceVersion "1"]
[SourceVersionDate "2019.09.30"]
[SourceQuality "1"]

1. d4 Nf6 2. c4 c5 3. d5 b5 4. cxb5 a6 5. bxa6 g6 6. Nc3 Bg7 7. g3 0-0 8. Bg2 d6 9. Nf3 Nbd7 10. 0-0 Nb6 11. Nh4 Rxa6 12. Re1 e6 13. dxe6 Bxe6 14. e4 Nc4 15. Bf1 Rb6 16. Qc2 Ne5 17. Na4 Rb8 18. Bd2 Nfg4 19. Bg2 Nc6 20. Nf3 Nb4 21. Qb1 Qd7 22. Nc3 c4 23. h3 Nxf2 24. Kxf2 Nd3+ 25. Kg1 Rxb2 26. Qd1 Nxe1 27. Qxe1 Bxh3 28. Rc1 Bxg2 29. Kxg2 Re8 30. Nd5 Rxa2 31. Rxc4 h6 32. Qb1 Rb2 33. Qd3 Qb7 34. Kh3 Qd7+ 35. Kg2 Kh7 36. e5 Rf8 37. Rh4 Qb5 38. Nf6+ Bxf6 39. Rxh6+ Kg8 40. Qxb5 Rxb5 41. exf6 Rf5 42. g4 Rc5 43. Rh1 Rc2 44. Kg3 g5 45. Bxg5 1-0

[Event "Goa op 2nd"]
[Site "Taleigao"]
[Date "2019.06.23"]
[Round "8"]
[White "Anurag, Mhamal"]
[Black "Rahul, Srivatshav P"]
[Result "1/2-1/2"]
[WhiteElo "2497"]
[BlackElo "2395"]
[PlyCount "72"]
[EventDate "2019.06.18"]
[EventType "swiss"]
[EventRounds "10"]
[EventCountry "IND"]
[SourceTitle "CBM 191 Extra"]
[Source "ChessBase"]
[SourceDate "2019.09.30"]
[SourceVersion "1"]
[SourceVersionDate "2019.09.30"]
[SourceQuality "1"]

1. e4 c5 2. Nf3 e6 3. d4 cxd4 4. Nxd4 Nc6 5. Nc3 Qc7 6. g3 a6 7. Bg2 Nf6 8. 0-0 Nxd4 9. Qxd4 Bc5 10. Bf4 d6 11. Qd2 h6 12. Rad1 e5 13. Be3 Bb4 14. Nb5 axb5 15. Qxb4 Rxa2 16. Qxb5+ Bd7 17. Qb4 Ra6 18. h3 0-0 19. Rd2 Rfa8 20. Rfd1 Ne8 21. b3 Ra2 22. c4 Rxd2 23. Qxd2 Be6 24. f4 Nf6 25. Qxd6 Qxd6 26. Rxd6 Ra3 27. Rb6 Bxc4 28. fxe5 Nd7 29. bxc4 Rxe3 30. e6 fxe6 31. Rxb7 Ne5 32. Kf2 Rc3 33. Bf1 Nxc4 34. Bxc4 Rxc4 35. Kf3 Kf8 36. Kf4 Rc5 1/2-1/2

[Event "Goa op 2nd"]
[Site "Taleigao"]
[Date "2019.06.22"]
[Round "6"]
[White "Sankalp, Gupta"]
[Black "Anurag, Mhamal"]
[Result "1-0"]
[WhiteElo "2359"]
[BlackElo "2497"]
[PlyCount "75"]
[EventDate "2019.06.18"]
[EventType "swiss"]
[EventRounds "10"]
[EventCountry "IND"]
[SourceTitle "CBM 191 Extra"]
[Source "ChessBase"]
[SourceDate "2019.09.30"]
[SourceVersion "1"]
[SourceVersionDate "2019.09.30"]
[SourceQuality "1"]

1. e4 c5 2. Nf3 Nc6 3. Nc3 g6 4. d4 cxd4 5. Nxd4 Bg7 6. Be3 Nf6 7. Bc4 Qa5 8. 0-0 0-0 9. Bb3 d6 10. h3 Nxd4 11. Bxd4 Be6 12. Nd5 Bxd5 13. exd5 Nh5 14. Re1 Rfe8 15. Re3 Rac8 16. Bxg7 Nxg7 17. g4 Qc7 18. Qe2 Qd7 19. Re1 e5 20. dxe6 fxe6 21. c3 d5 22. Qd3 b5 23. h4 Rf8 24. h5 Qf7 25. R1e2 gxh5 26. Bc2 Qg6 27. Qxb5 Nf5 28. f3 hxg4 29. Rxe6 Qg5 30. f4 Qxf4 31. Qxd5 Kg7 32. R6e4 Qc1+ 33. Re1 Qg5 34. Re7+ Qxe7 35. Rxe7+ Nxe7 36. Qe5+ Kf7 37. Bb3+ Ke8 38. Be6 1-0

[Event "Goa op 2nd"]
[Site "Taleigao"]
[Date "2019.06.21"]
[Round "5"]
[White "Anurag, Mhamal"]
[Black "Pranav, V."]
[Result "1-0"]
[WhiteElo "2497"]
[BlackElo "2336"]
[PlyCount "89"]
[EventDate "2019.06.18"]
[EventType "swiss"]
[EventRounds "10"]
[EventCountry "IND"]
[SourceTitle "CBM 191 Extra"]
[Source "ChessBase"]
[SourceDate "2019.09.30"]
[SourceVersion "1"]
[SourceVersionDate "2019.09.30"]
[SourceQuality "1"]

1. e4 e5 2. Nf3 Nc6 3. Bc4 Nf6 4. d4 exd4 5. e5 d5 6. Bb5 Ne4 7. Nxd4 Bd7 8. Bxc6 bxc6 9. 0-0 Bc5 10. f3 Ng5 11. Be3 Ne6 12. c3 Bxd4 13. cxd4 f5 14. exf6 Qxf6 15. Nd2 0-0 16. Nb3 Rae8 17. Qd2 h6 18. Nc5 Bc8 19. Nxe6 Rxe6 20. Rfe1 Rfe8 21. Bf2 h5 22. Rxe6 Bxe6 23. Re1 Bf7 24. Rxe8+ Bxe8 25. h3 Qf5 26. Kh2 Bg6 27. Bg3 Qc2 28. Qg5 Kh7 29. Qe7 Qf5 30. Qxc7 Qf7 31. Qxc6 Bd3 32. b4 h4 33. Be5 Qe7 34. Qxd5 Qg5 35. Qd7 Bf5 36. Qxa7 Be6 37. b5 Bd5 38. b6 Qg6 39. Qe7 Bxf3 40. Qxg7+ Qxg7 41. Bxg7 Bh5 42. Be5 Bg6 43. b7 Bf7 44. b8Q Bg6 45. Qh8# 1-0

[Event "Titled Tuesday intern op 5th March"]
[Site "Chess.com INT"]
[Date "2019.03.05"]
[Round "3"]
[White "Anurag, Mhamal"]
[Black "Halvax, Georg"]
[Result "0-1"]
[WhiteElo "2504"]
[BlackElo "2421"]
[PlyCount "110"]
[EventDate "2019.03.05"]
[EventType "swiss (blitz)"]
[EventRounds "10"]
[EventCountry "USA"]
[SourceTitle "EXT 2021"]
[Source "ChessBase"]
[SourceDate "2020.10.23"]
[SourceVersion "1"]
[SourceVersionDate "2020.10.23"]
[SourceQuality "1"]

1. e3 d5 2. b3 Nf6 3. Bb2 g6 4. h3 Bg7 5. a3 0-0 6. g3 c5 7. d3 Nc6 8. Nd2 e5 9. Bg2 Be6 10. Ne2 Rc8 11. 0-0 Nd7 12. f4 exf4 13. Bxg7 Kxg7 14. Nxf4 Qg5 15. Kh2 Nb6 16. e4 d4 17. Nf3 Qe7 18. Qd2 Nd7 19. e5 Ndxe5 20. Nxe5 Nxe5 21. Rae1 f6 22. Bxb7 Rb8 23. Bg2 Bg8 24. Re2 Qd6 25. Qa5 a6 26. Be4 Rb5 27. Qd2 Rbb8 28. Ref2 Rbe8 29. Qa5 Re7 30. b4 cxb4 31. axb4 Rb8 32. Bd5 Rb5 33. Qa2 Bxd5 34. Nxd5 Qxd5 35. Qxa6 f5 36. g4 Qc6 37. Qxc6 Nxc6 38. gxf5 Rxf5 39. Rxf5 gxf5 40. Rxf5 Nxb4 41. Rc5 Re2+ 42. Kg3 Nxc2 43. Kf4 Ne1 44. Rc7+ Kf6 45. Rc6+ Re6 46. Rc4 Nxd3+ 47. Kg3 Ke5 48. Rc7 h6 49. Kh4 Ke4 50. Rf7 Ne5 51. Rf1 d3 52. Kh5 d2 53. h4 Nf3 54. Rd1 Ke3 55. Rf1 Ne1 0-1

[Event "Cappelle op 35th"]
[Site "Cappelle la Grande"]
[Date "2019.02.19"]
[Round "5"]
[White "Anurag, Mhamal"]
[Black "Bauer, Christian"]
[Result "0-1"]
[WhiteElo "2492"]
[BlackElo "2647"]
[PlyCount "99"]
[EventDate "2019.02.16"]
[EventType "swiss"]
[EventRounds "9"]
[EventCountry "FRA"]
[SourceTitle "CBM 189 Extra"]
[Source "ChessBase"]
[SourceDate "2019.05.31"]
[SourceVersion "1"]
[SourceVersionDate "2019.05.31"]
[SourceQuality "1"]

1. Nf3 d5 2. g3 Bf5 3. Bg2 e6 4. d3 Nf6 5. Nh4 Bg4 6. h3 Bh5 7. Nc3 c6 8. g4 Nfd7 9. Nf3 Bg6 10. e4 Na6 11. Qe2 Be7 12. a3 Rc8 13. Bd2 h6 14. h4 Qb6 15. h5 Bh7 16. b4 Nc7 17. Rb1 Qa6 18. a4 dxe4 19. Nxe4 Qxa4 20. 0-0 Bxe4 21. dxe4 Qa6 22. c4 b5 23. c5 Rd8 24. Bc3 Bf6 25. Ra1 Bxc3 26. Rxa6 Nxa6 27. Rc1 Bxb4 28. Nd4 Ne5 29. Nxb5 0-0 30. Nxa7 Nxc5 31. Rd1 Ncd3 32. Nxc6 Nf4 33. Qc2 Nxc6 34. Rxd8 Nxd8 35. e5 Bc3 36. Qe4 g5 37. Bf1 Kg7 38. Bc4 Re8 39. Qe3 Bb4 40. Qb6 Be7 41. Qc7 Bb4 42. Qb6 Bc3 43. Qe3 Bb2 44. Qb3 Bd4 45. Qb8 Nd5 46. Qb5 Rf8 47. Bxd5 exd5 48. Qxd5 Ne6 49. Qe4 Rc8 50. Qd3 0-1

[Event "Cappelle op 35th"]
[Site "Cappelle la Grande"]
[Date "2019.02.17"]
[Round "2"]
[White "Arnaud, Aurelien"]
[Black "Anurag, Mhamal"]
[Result "0-1"]
[WhiteElo "2217"]
[BlackElo "2492"]
[PlyCount "56"]
[EventDate "2019.02.16"]
[EventType "swiss"]
[EventRounds "9"]
[EventCountry "FRA"]
[SourceTitle "CBM 189 Extra"]
[Source "ChessBase"]
[SourceDate "2019.05.31"]
[SourceVersion "1"]
[SourceVersionDate "2019.05.31"]
[SourceQuality "1"]

1. d4 g6 2. c4 Bg7 3. Nc3 d6 4. e4 Nc6 5. Be3 e5 6. Nge2 Nh6 7. f3 f5 8. Qd2 Nf7 9. d5 Ne7 10. c5 0-0 11. cxd6 Nxd6 12. b3 b5 13. Bc5 a5 14. Bxd6 cxd6 15. Nxb5 fxe4 16. fxe4 Kh8 17. Rc1 Ng8 18. Rc6 Bd7 19. Ng3 Bh6 20. Qc3 Bxc6 21. dxc6 Qb6 22. Be2 a4 23. b4 Rac8 24. c7 Rf7 25. Rf1 Rfxc7 26. Nxc7 Rxc7 27. Qa3 Rc1+ 28. Bd1 Qd4 0-1

[Event "IND-ch 56th"]
[Site "Jammu"]
[Date "2018.12.11"]
[Round "5"]
[White "Ratnakaran, Kantoli"]
[Black "Anurag, Mhamal"]
[Result "0-1"]
[WhiteElo "2366"]
[BlackElo "2491"]
[PlyCount "70"]
[EventDate "2018.12.08"]
[EventType "swiss"]
[EventRounds "13"]
[EventCountry "IND"]
[SourceTitle "CBM 187 Extra"]
[Source "ChessBase"]
[SourceDate "2018.11.04"]
[SourceVersion "1"]
[SourceVersionDate "2018.11.04"]
[SourceQuality "1"]

1. e4 e5 2. Nf3 Nc6 3. Bb5 a6 4. Ba4 Nf6 5. Qe2 Be7 6. c3 b5 7. Bc2 d5 8. d3 Be6 9. Nbd2 dxe4 10. dxe4 Nh5 11. g3 0-0 12. h4 Nf6 13. Ng5 Bg4 14. f3 Bd7 15. Nf1 b4 16. Ne3 a5 17. f4 a4 18. a3 bxc3 19. bxc3 Bc5 20. f5 Na5 21. Ng4 Nb3 22. Bxb3 axb3 23. Nxe5 Bd6 24. Ngxf7 Rxf7 25. Nxf7 Bxg3+ 26. Kf1 Kxf7 27. Rg1 Bd6 28. Bg5 Qe7 29. Re1 Qxe4 30. Qxe4 Nxe4 31. Rxe4 b2 32. Re1 Bxf5 33. Kg2 Rxa3 34. Rgf1 Kg6 35. Bd8 h5 0-1